000 00782cam a2200241 a 4500
001 4504743
005 20180213040818.0
008 980223s1998 nyu d 000 0 eng
010 _a 98003333
020 _a0192800817
035 _a(DLC) 98003333
040 _aDLC
_cDLC
_dDLC
041 _aeng
080 _a301.03 MAR
082 0 0 _a301.03 MAR
_221
100 _a50
101 _aSOC
245 0 2 _aA dictionary of sociology /
_cedited by Gordon Marshall.
530 _aAvailable also online via the Internet.
906 _a7
_bcbc
_corignew
_d1
_eocip
_f19
_gy-gencatlg
942 _2ddc
_cBK
999 _c42357
_d42357